Sprachinseln und Sprachinselforschung heute
| Titel: | Sprachinseln und Sprachinselforschung heute : Internationale Tagung vom 23. bis 24. November 2018 aus Anlass 45 Jahre Verein der Freunde der im Mittelalter von Österreich aus besiedelten Sprachinseln / Ingeborg Geyer & Barbara Piringer (Hg.) |
|---|---|
| Beteiligt: | ; |
| Körperschaft: | |
| Veröffentlicht: | [Wien] : Praesens Verlag, [2021] |
| Umfang: | 319 Seiten : Illustrationen ; 23 cm x 16 cm |
| Format: | Buch |
| Sprache: | Deutsch; Italienisch |
| Schriftenreihe/ mehrbändiges Werk: |
Beiträge zur Sprachinselforschung ; Band 25 |
| RVK-Notation: |
·
|
| ISBN: | 9783706910972 |
| Hinweise zum Inhalt: |
Inhaltsverzeichnis
|
alg: 48974525 001A $00004:20-01-22 001B $00030:25-01-23 $t15:14:13.000 001D $00030:25-01-23 001U $0utf8 001X $00 002@ $0Aau 002C $aText $btxt $2rdacontent 002D $aohne Hilfsmittel zu benutzen $bn $2rdamedia 002E $aBand $bnc $2rdacarrier 003@ $0489745253 003O $01285500321 $aOCoLC 004A $A978-3-7069-1097-2 $fBroschur : EUR 31.60 (DE) 004K $09783706910972 006C $01285500321 $aOCoLC 006G $0124554554X 006H $0TOCNEUA2217 $2DNB 006L $01777892775 $2KXP 006T $021,N46 006U $022,A50 $f20211111 007A $0124554554X $aDNB 009P $qapplication/pdf $A2 $3Inhaltsverzeichnis $uhttps://d-nb.info/124554554X/04 $mB:DE-101 010@ $ager $aita 010E $erda 011@ $a2021 $n[2021] 011F $n© 2021 013D $RWissenschaftliche Literatur $RAufsatzsammlung $#Konferenzbericht $71071861417 $8Konferenzschrift [Tsz] $9359646190 $y2018 $zWien 021A $aSprachinseln und Sprachinselforschung heute $dInternationale Tagung vom 23. bis 24. November 2018 aus Anlass 45 Jahre Verein der Freunde der im Mittelalter von Österreich aus besiedelten Sprachinseln $hIngeborg Geyer & Barbara Piringer (Hg.) 028C $BHerausgeber $#Geyer-Schönhuber, Ingeborg $#Schönhuber, Ingeborg Geyer- $#Schönhuber, Ingeborg $4edt $7141102624 $8Geyer, Ingeborg$Z1950- [Tp1] $9222723696 028C $BHerausgeber $4edt $7 $8Piringer, Barbara [Tnu] $9224245570 029A $BVerfasser $4aut $8Internationale Tagung "Sprachinseln und Sprachinselforschung heute"$d2018$cWien [Tf1] $9490349544 033A $p[Wien] $nPraesens Verlag 034D $a319 Seiten 034I $a23 cm x 16 cm 034M $aIllustrationen 036E $aBeiträge zur Sprachinselforschung $x0259-0662 $lBand 25 037A $aLiteraturangaben 039U $aRezensiert in $8--Aou--Manz, Adelheid [Tnu]. Sprachinseln und Sprachinselforschung heute, 2022 $9503920630 044K $qDNB $RSüdgermanische Sprachen $#German language $#Allemand (langue) $#Neuhochdeutsch $#Deutsche Sprache $#Hochdeutsch $74113292-0 $8Deutsch [Tsz] $9085334081 044K $qDNB $74233286-2 $8Sprachinsel [Ts1] $9086219421 045E $c430 045V $802.12.00$jDeutsche Sprache im Ausland [Tkx] $9118844121 045Z $8GD 7241 [Tkv] $9408307730 045Z $8GD 7001 [Tkv] $9408307374 046L $aBeiträge deutsch und italienisch lok: 48974525 3 101B $025-01-23 $t15:08:36.000 101C $025-01-23 101U $0utf8 145S/01 $a720 exp: 48974525 3 1 #EPN 201B/01 $025-01-23 $t15:08:36.000 201C/01 $022-12-22 201U/01 $0utf8 203@/01 $01222940795 208@/01 $a25-01-23 $bzAa 209A/01 $a91.402.81 $du $f000 $h91 402 81 $x00 209G/01 $a91402815 $x00 247C/01 $8601000-3 <30>Frankfurt, Universitätsbibliothek J. C. Senckenberg, Zentralbibliothek (ZB) $9102598258 lok: 48974525 62 exp: 48974525 62 1 #EPN 201B/01 $019-01-23 $t22:06:01.000 201C/01 $019-01-23 203@/01 $01225175038 208@/01 $a19-01-23 $be 209A/01 $a/ $f000 $x00 209B/01 $a2023 $x05 247C/01 $8Frankfurt, Bibliographie der Deutschen Sprach- und Literaturwissenschaft $9113214561 201U/01 $0utf8 lok: 48974525 78 exp: 48974525 78 1 #EPN 201B/01 $008-05-25 $t22:09:39.000 201C/01 $008-05-25 203@/01 $01304013294 208@/01 $a08-05-25 $bdo 201U/01 $0utf8 lok: 48974525 205 exp: 48974525 205 1 #EPN 201B/01 $016-02-22 $t09:13:14.000 201C/01 $020-01-22 201U/01 $0utf8 203@/01 $01177068427 208@/01 $a16-02-22 $bz 209A/01 $a706 GD 7001 G397 $db $f424 $x00 209C/01 $a18 2022/00044 209G/01 $a56743278 $x00 247C/01 $8351424-9 <4/424>Marburg, Universität Marburg, Forschungszentrum Deutscher Sprachatlas, Bibliothek $9102595526
| LEADER | 00000cam a2200000 c 4500 | ||
|---|---|---|---|
| 001 | 489745253 | ||
| 003 | DE-603 | ||
| 005 | 20230125151413.0 | ||
| 007 | tu | ||
| 008 | 220120s2021 xx |||| | u10||u|ger | ||
| 015 | |a 22,A50 |z 21,N46 |2 dnb | ||
| 016 | 7 | |2 DE-101 |a 124554554X | |
| 020 | |a 9783706910972 |c Broschur : EUR 31.60 (DE) | ||
| 024 | 3 | |a 9783706910972 | |
| 035 | |a (DE-599)DNB124554554X | ||
| 035 | |a (DE-627)1777892775 | ||
| 035 | |a (OCoLC)1285500321 | ||
| 040 | |a DE-603 |b ger |c DE-603 |d DE-603 |e rda | ||
| 041 | |a ger |a ita | ||
| 084 | |a 430 |q DE-101 |2 sdnb | ||
| 084 | |a GD 7241 |0 (DE-625)38760: |0 (DE-603)408307730 |2 rvk | ||
| 084 | |a GD 7001 |0 (DE-625)38753: |0 (DE-603)408307374 |2 rvk | ||
| 111 | 2 | |a Internationale Tagung "Sprachinseln und Sprachinselforschung heute" |d 2018 |c Wien |j Verfasser |4 aut |0 (DE-603)490349544 |0 (DE-588)125077943X |2 gnd | |
| 245 | 0 | 0 | |a Sprachinseln und Sprachinselforschung heute |b Internationale Tagung vom 23. bis 24. November 2018 aus Anlass 45 Jahre Verein der Freunde der im Mittelalter von Österreich aus besiedelten Sprachinseln |c Ingeborg Geyer & Barbara Piringer (Hg.) |
| 264 | 1 | |a [Wien] |b Praesens Verlag |c [2021] | |
| 264 | 4 | |c © 2021 | |
| 300 | |a 319 Seiten |b Illustrationen |c 23 cm x 16 cm | ||
| 336 | |a Text |b txt |2 rdacontent | ||
| 337 | |a ohne Hilfsmittel zu benutzen |b n |2 rdamedia | ||
| 338 | |a Band |b nc |2 rdacarrier | ||
| 490 | 0 | |a Beiträge zur Sprachinselforschung |x 0259-0662 |v Band 25 | |
| 500 | |a Literaturangaben | ||
| 546 | |a Beiträge deutsch und italienisch | ||
| 650 | 7 | |a Deutsch |0 (DE-588)4113292-0 |0 (DE-603)085334081 |2 gnd | |
| 650 | 7 | |a Sprachinsel |0 (DE-588)4233286-2 |0 (DE-603)086219421 |2 gnd | |
| 655 | 7 | |a Konferenzschrift |y 2018 |z Wien |2 gnd-content |0 (DE-588)1071861417 |0 (DE-603)359646190 | |
| 700 | 1 | |a Geyer, Ingeborg |d 1950- |e Herausgeber |4 edt |0 (DE-603)222723696 |0 (DE-588)141102624 |2 gnd | |
| 700 | 1 | |a Piringer, Barbara |e Herausgeber |4 edt |0 (DE-603)224245570 | |
| 787 | 0 | 8 | |i Rezensiert in |a Manz, Adelheid |t Sprachinseln und Sprachinselforschung heute |w (DE-603)503920630 |
| 856 | 4 | 2 | |m B:DE-101 |q application/pdf |u https://d-nb.info/124554554X/04 |3 Inhaltsverzeichnis |
| 924 | 0 | |9 30 |a (DE-603)1222940795 |b DE-30 |c HES |d c |g 91.402.81 | |
| 924 | 0 | |9 603 |a (DE-603)1225175038 |b DE-603 |c HES |d d | |
| 924 | 0 | |9 603 |a (DE-603)1304013294 |b DE-603 |c HES |d d | |
| 924 | 0 | |9 4/424 |a (DE-603)1177068427 |b DE-4-424 |c HES |d d |g 706 GD 7001 G397 | |


